[Event "Forcing Moves Spring-1 U2000"]
[Site "Mississauga CAN"]
[Date "2023.04.30"]
[Round "4.1"]
[White "Lakhani, Riyaan"]
[Black "Zhang, Daniel"]
[Result "1-0"]
[WhiteElo "1886"]
[BlackElo "1852"]
[PlyCount "115"]
[EventDate "2023.04.29"]
[EventType "swiss"]
[EventRounds "5"]
[EventCountry "CAN"]

1. d4 d5 2. c4 dxc4 3. Nf3 Nf6 4. Qa4+ Nbd7 5. g3 a6 6. Nc3 e6 7. Bg2 Be7 8.
O-O O-O 9. Qxc4 c5 10. e3 b5 11. Qe2 Bb7 12. b3 Rc8 13. Bb2 c4 14. bxc4 Rxc4
15. a4 Qb6 16. axb5 axb5 17. Nd2 Bxg2 18. Nxc4 Bxf1 19. Nxb6 Bxe2 20. Nxd7 Nxd7
21. Nxe2 Rc8 22. Ra7 Rd8 23. Rb7 b4 24. Nf4 Bf8 25. Nd3 Nf6 26. Nxb4 Bxb4 27.
Rxb4 h6 28. Rb7 Rc8 29. Ba3 Rc2 30. Rb2 Rxb2 31. Bxb2 g5 32. h3 h5 33. f3 Kh7
34. e4 Kg6 35. Kf2 Nd7 36. Ke3 Nb6 37. Bc3 f5 38. Kd3 Kf7 39. Bd2 g4 40. fxg4
fxg4 41. h4 Ke7 42. Ba5 Nc8 43. Ke3 Na7 44. Kf4 Nc6 45. Bc3 Kf6 46. Ba1 Kg6 47.
d5 exd5 48. exd5 Nb8 49. Ke5 Nd7+ 50. Ke6 Nc5+ 51. Ke7 Ne4 52. Be5 Kf5 53. Bb8
Kg6 54. d6 Nxg3 55. d7 Nf5+ 56. Ke6 Nxh4 57. d8=Q Nf5 58. Qf6+ 1-0

[Event "Forcing Moves Spring-1 U2000"]
[Site "Mississauga CAN"]
[Date "2023.04.30"]
[Round "4.2"]
[White "Zhang, Brian"]
[Black "Ambilwade, Ojal"]
[Result "1-0"]
[WhiteElo "1941"]
[BlackElo "1534"]
[PlyCount "65"]
[EventDate "2023.04.29"]
[EventType "swiss"]
[EventRounds "5"]
[EventCountry "CAN"]

1. e4 c5 2. Nf3 d6 3. d4 cxd4 4. Nxd4 Nf6 5. Nc3 a6 6. h3 e6 7. g4 h6 8. Bg2
Be7 9. O-O Nc6 10. Nxc6 bxc6 11. e5 Nd5 12. exd6 Qxd6 13. Ne4 Qc7 14. c4 Nf6
15. b3 Nxe4 16. Bxe4 Bf6 17. Ba3 Bb7 18. Rc1 Be5 19. Qf3 O-O-O 20. Bc5 Bf4 21.
Rcd1 g5 22. Bd4 e5 23. Ba7 Ba8 24. Bc5 Kb8 25. b4 Bb7 26. a4 a5 27. Rb1 Ka8 28.
bxa5 Rc8 29. Rb6 Rb8 30. a6 Bxa6 31. Rxa6+ Kb7 32. Rxc6 Qa5 33. Rb1+ 1-0

[Event "Forcing Moves Spring-1 U2000"]
[Site "Mississauga CAN"]
[Date "2023.04.30"]
[Round "4.3"]
[White "Manga, Max"]
[Black "Zhang, Michelle"]
[Result "1/2-1/2"]
[WhiteElo "1569"]
[BlackElo "1796"]
[PlyCount "87"]
[EventDate "2023.04.29"]
[EventType "swiss"]
[EventRounds "5"]
[EventCountry "CAN"]

1. d4 d5 2. Nf3 Nf6 3. Bf4 c5 4. c3 cxd4 5. cxd4 Nc6 6. e3 Bf5 7. Bd3 Bxd3 8.
Qxd3 e6 9. O-O Bd6 10. Nc3 O-O 11. Bxd6 Qxd6 12. a3 a6 13. Rfe1 Rac8 14. Na4
Ne4 15. Rac1 f5 16. Nd2 Nf6 17. Nc5 Rf7 18. Nf3 h6 19. b4 g5 20. b5 axb5 21.
Qxb5 g4 22. Nxb7 Qb8 23. Rxc6 Rxb7 24. Rec1 Re8 25. Qd3 gxf3 26. gxf3 Rg7+ 27.
Kh1 Qb7 28. a4 Qf7 29. Rg1 Rxg1+ 30. Kxg1 Kh8 31. Kf1 Qh5 32. Qa6 Qxf3 33. Rc8
Qd1+ 34. Kg2 Qg4+ 35. Kf1 Rxc8 36. Qxc8+ Qg8 37. Qc7 Qe8 38. a5 Qd7 39. Qb6 Ne8
40. a6 Nc7 41. a7 Kh7 42. Qb7 Qd8 43. a8=Q Qxa8 44. Qxc7+ 1/2-1/2

[Event "Forcing Moves Spring-1 U2000"]
[Site "Mississauga CAN"]
[Date "2023.04.30"]
[Round "4.4"]
[White "Sreekumar, Gauri"]
[Black "Buscar, Bernard"]
[Result "1/2-1/2"]
[WhiteElo "1554"]
[BlackElo "1552"]
[PlyCount "54"]
[EventDate "2023.04.29"]
[EventType "swiss"]
[EventRounds "5"]
[EventCountry "CAN"]

1. d4 d5 2. c4 Nf6 3. Nf3 Bg4 4. g3 c6 5. Nc3 e6 6. Bg2 dxc4 7. Ne5 Be7 8. O-O
Nbd7 9. Nxc4 Nd5 10. Qc2 Nb4 11. Qb3 Nf6 12. a3 Nbd5 13. f3 Bh5 14. Qxb7 O-O
15. Rd1 c5 16. dxc5 Bxc5+ 17. Kh1 Rb8 18. Qc6 Rc8 19. Qa4 Qe7 20. Bg5 h6 21.
Nxd5 exd5 22. Bxf6 Qxf6 23. Rxd5 Bg6 24. Rad1 Bf5 25. b4 Bf2 26. Nd6 Bc2 27.
Qa5 Bb6 1/2-1/2

[Event "Forcing Moves Spring-1 U2000"]
[Site "Mississauga CAN"]
[Date "2023.04.30"]
[Round "5.1"]
[White "Buscar, Bernard"]
[Black "Lakhani, Riyaan"]
[Result "1/2-1/2"]
[WhiteElo "1552"]
[BlackElo "1886"]
[PlyCount "83"]
[EventDate "2023.04.29"]
[EventType "swiss"]
[EventRounds "5"]
[EventCountry "CAN"]

1. d4 Nf6 2. c4 g6 3. Nc3 Bg7 4. Nf3 O-O 5. Bg5 d6 6. Qd2 c5 7. Bh6 cxd4 8.
Nxd4 Nc6 9. Bxg7 Kxg7 10. e3 Bd7 11. Be2 Qa5 12. h4 h5 13. Nf3 Rac8 14. Ng5 Ne5
15. Qd4 a6 16. O-O b5 17. Nd5 Nxd5 18. cxd5 Kg8 19. f4 Ng4 20. Bd3 Qc7 21. Ne4
Bf5 22. Be2 Qc2 23. Ng3 Qc5 24. Nxf5 gxf5 25. Bxg4 Qxd4 26. exd4 fxg4 27. Rac1
f6 28. g3 Kf7 29. f5 Rfd8 30. Rc6 Rxc6 31. dxc6 d5 32. Re1 Rc8 33. Re6 Rc7 34.
Kf2 Ke8 35. Ke2 Kd8 36. Kd2 Kc8 37. Kc3 a5 38. Kd3 Kb8 39. Ke3 Ka7 40. Kf4 Kb6
41. a3 b4 42. a4 1/2-1/2

[Event "Forcing Moves Spring-1 U2000"]
[Site "Mississauga CAN"]
[Date "2023.04.30"]
[Round "5.2"]
[White "Zhang, Daniel"]
[Black "Zhang, Brian"]
[Result "1/2-1/2"]
[WhiteElo "1852"]
[BlackElo "1941"]
[PlyCount "49"]
[EventDate "2023.04.29"]
[EventType "swiss"]
[EventRounds "5"]
[EventCountry "CAN"]

1. e4 c5 2. Nf3 d6 3. Bb5+ Bd7 4. Bxd7+ Qxd7 5. O-O Nf6 6. Re1 Nc6 7. c3 e6 8.
d4 cxd4 9. cxd4 d5 10. e5 Ne4 11. Nbd2 Nxd2 12. Bxd2 Be7 13. Bg5 h6 14. Bxe7
Nxe7 15. Qd2 O-O 16. Rac1 Rfc8 17. h3 Rxc1 18. Rxc1 Rc8 19. Rxc8+ Qxc8 20. b3
Qc7 21. Ne1 Nf5 22. f4 Ng3 23. Nd3 Ne4 24. Qc1 Qxc1+ 25. Nxc1 1/2-1/2

[Event "Forcing Moves Spring-1 U2000"]
[Site "Mississauga CAN"]
[Date "2023.04.30"]
[Round "5.3"]
[White "Ambilwade, Ojal"]
[Black "Manga, Max"]
[Result "1-0"]
[WhiteElo "1534"]
[BlackElo "1554"]
[PlyCount "87"]
[EventDate "2023.04.29"]
[EventType "swiss"]
[EventRounds "5"]
[EventCountry "CAN"]

1. c4 Nf6 2. d4 c6 3. Nf3 d5 4. Nc3 e6 5. Bg5 Be7 6. e3 Nbd7 7. cxd5 Nxd5 8.
Bxe7 Qxe7 9. e4 Nxc3 10. bxc3 Nf6 11. Bd3 b6 12. O-O O-O 13. Qc2 h6 14. Rfe1
Bb7 15. c4 Rfd8 16. Rab1 Rac8 17. Qb3 Ba8 18. Rbd1 Nh5 19. g3 Qf6 20. Bf1 g5
21. h3 Ng7 22. Qe3 Re8 23. Ne5 c5 24. Nd7 Qe7 25. dxc5 bxc5 26. e5 Red8 27.
Nf6+ Kf8 28. Bd3 Ne8 29. Ng4 Kg7 30. Be4 Bxe4 31. Qxe4 Rxd1 32. Rxd1 Rc7 33.
Qd3 h5 34. Nh2 Kh6 35. Nf3 f5 36. h4 gxh4 37. Nxh4 Qg5 38. Qd8 Qxd8 39. Rxd8
Re7 40. Rc8 Nc7 41. f4 Kh7 42. a3 Kg7 43. Nf3 Ne8 44. Ng5 1-0

[Event "Forcing Moves Spring-1 U2000"]
[Site "Mississauga CAN"]
[Date "2023.04.30"]
[Round "5.4"]
[White "Zhang, Michelle"]
[Black "Sreekumar, Gauri"]
[Result "1/2-1/2"]
[WhiteElo "1796"]
[BlackElo "1554"]
[PlyCount "46"]
[EventDate "2023.04.29"]
[EventType "swiss"]
[EventRounds "5"]
[EventCountry "CAN"]

1. e4 c5 2. Nf3 d6 3. d4 cxd4 4. Nxd4 Nf6 5. Nc3 g6 6. Be2 Bg7 7. Be3 O-O 8.
O-O Nc6 9. f4 Bd7 10. h3 Qb6 11. Qd3 Nxd4 12. Bxd4 Qc7 13. Kh2 Bc6 14. Bf3 Rfd8
15. Qe2 b6 16. Rad1 Qb7 17. f5 Nd7 18. Bxg7 Kxg7 19. g4 Ne5 20. Bg2 Rac8 21.
Qf2 f6 22. Nd5 g5 23. Qe2 Qd7 1/2-1/2

[Event "Forcing Moves Winter-1"]
[Site "Mississauga CAN"]
[Date "2023.01.28"]
[Round "1.1"]
[White "Zhong, Ryan Yunhui"]
[Black "Chen, Max"]
[Result "0-1"]
[WhiteElo "1980"]
[BlackElo "2363"]
[PlyCount "96"]
[EventDate "2023.01.28"]
[EventType "swiss"]
[EventRounds "5"]
[EventCountry "CAN"]

1. e4 c5 2. Nf3 d6 3. Bb5+ Nd7 4. O-O a6 5. Bd3 Ngf6 6. c3 b5 7. Re1 Bb7 8. Bc2
e6 9. d3 Be7 10. Bg5 h6 11. Bf4 O-O 12. Nbd2 Re8 13. Rc1 e5 14. Be3 Ng4 15. Nf1
Nxe3 16. Nxe3 Bf8 17. Bb3 Nf6 18. Nh4 Nxe4 19. Qf3 c4 20. dxe4 cxb3 21. Qg4
bxa2 22. Ra1 Qg5 23. Qxg5 hxg5 24. Nf3 Bxe4 25. Nxg5 Bb7 26. Rxa2 f6 27. Nf3 d5
28. Nc2 Bc5 29. Raa1 a5 30. Nd2 Kf7 31. Rad1 b4 32. Nb3 Bf8 33. Ne3 a4 34. Na1
b3 35. Nxd5 Bxd5 36. Rxd5 Red8 37. Rdd1 Bc5 38. Kf1 Ke6 39. Ke2 f5 40. h4 Rd5
41. Rxd5 Kxd5 42. f3 Kc4 43. Kd2 Rd8+ 44. Kc1 Rd3 45. g4 Be3+ 46. Kb1 Bf2 47.
Rf1 e4 48. gxf5 e3 0-1

[Event "Forcing Moves Winter-1"]
[Site "Mississauga CAN"]
[Date "2023.01.28"]
[Round "1.2"]
[White "Sharma, Vishruth"]
[Black "Qian, Eric"]
[Result "0-1"]
[WhiteElo "2219"]
[BlackElo "1955"]
[PlyCount "80"]
[EventDate "2023.01.28"]
[EventType "swiss"]
[EventRounds "5"]
[EventCountry "CAN"]

1. e4 c5 2. Nf3 d6 3. d4 cxd4 4. Nxd4 Nf6 5. Nc3 a6 6. f3 e5 7. Nb3 Be6 8. Be3
h5 9. Nd5 Bxd5 10. exd5 g6 11. Qd2 Nbd7 12. Be2 Bg7 13. O-O-O Rc8 14. Kb1 Qc7
15. c4 Nb6 16. h4 O-O 17. Rc1 Rfe8 18. g4 e4 19. g5 Nfd7 20. f4 Na4 21. Nd4
Ndc5 22. b3 Nb6 23. f5 Be5 24. f6 Nd3 25. Bxd3 exd3 26. Qxd3 Kh7 27. Rhf1 Nd7
28. b4 Nb6 29. Ne6 fxe6 30. f7 Rf8 31. dxe6 Nxc4 32. Bf4 d5 33. Bxe5 Qxe5 34.
Rf2 Qxe6 35. Re2 Qxf7 36. Rce1 Rfe8 37. Rxe8 Rxe8 38. Rxe8 Qxe8 39. Qxd5 Qe1+
40. Kc2 Ne3+ 0-1

[Event "Forcing Moves Winter-1"]
[Site "Mississauga CAN"]
[Date "2023.01.28"]
[Round "1.3"]
[White "Brajkovic, Nikola"]
[Black "Reshetniak, Vitaliy"]
[Result "0-1"]
[WhiteElo "1926"]
[BlackElo "2160"]
[PlyCount "96"]
[EventDate "2023.01.28"]
[EventType "swiss"]
[EventRounds "5"]
[EventCountry "CAN"]

1. e4 c5 2. Nf3 e6 3. d4 cxd4 4. Nxd4 a6 5. Be3 Nf6 6. Bd3 Qc7 7. Nd2 d5 8. c3
Bd6 9. h3 Nc6 10. Qc2 Ne5 11. Be2 Ng6 12. Bg5 Be7 13. exd5 Nxd5 14. Bxe7 Qxe7
15. g3 O-O 16. Bf3 e5 17. Ne2 Be6 18. Bg2 Rac8 19. Qa4 Rfd8 20. Nf3 Nb6 21. Qc2
Bc4 22. b3 Bd3 23. Qb2 Nd5 24. Rc1 Qc5 25. c4 Qb4+ 26. Nd2 Nf6 27. a3 Qb6 28.
b4 e4 29. c5 Qe6 30. Nf1 Nd5 31. Ne3 Nxe3 32. fxe3 Bxe2 33. Kxe2 Ne5 34. Bxe4
Nc4 35. Rxc4 Qxc4+ 36. Kf3 Rc7 37. Re1 Re7 38. Qc2 Qxc2 39. Bxc2 Rd2 40. Be4 g6
41. Rc1 f5 42. Bc2 Kf8 43. e4 fxe4+ 44. Bxe4 Rd4 45. Re1 Rf7+ 46. Kg4 Kg7 47.
Re3 Rf5 48. Re2 h5+ 0-1

[Event "Forcing Moves Winter-1"]
[Site "Mississauga CAN"]
[Date "2023.01.28"]
[Round "1.4"]
[White "Lu, Tony"]
[Black "Wang, Andy"]
[Result "1-0"]
[WhiteElo "2001"]
[BlackElo "1899"]
[PlyCount "101"]
[EventDate "2023.01.28"]
[EventType "swiss"]
[EventRounds "5"]
[EventCountry "CAN"]

1. e4 e5 2. Nf3 Nc6 3. Bc4 Bc5 4. c3 Nf6 5. d4 exd4 6. e5 d5 7. Bb5 Ne4 8. cxd4
Bb6 9. Nc3 Nxc3 10. bxc3 Be6 11. Ba3 Qd7 12. Qa4 a6 13. Bxc6 Qxc6 14. Qxc6+
bxc6 15. Kd2 Kd7 16. Ng5 Rab8 17. Nxe6 fxe6 18. Rab1 Ba7 19. f4 c5 20. Kd3 c4+
21. Ke3 Rb5 22. Rxb5 axb5 23. g4 Bb6 24. Bb4 c6 25. f5 Bd8 26. a4 Bg5+ 27. Ke2
bxa4 28. f6 gxf6 29. h4 Bh6 30. exf6 Bf8 31. Bxf8 Rxf8 32. g5 e5 33. dxe5 Ke6
34. Kf3 Kxe5 35. Kg4 d4 36. Re1+ Kd5 37. Rd1 d3 38. Kf5 Kd6 39. h5 Ra8 40. g6
Ra5+ 41. Kg4 hxg6 42. hxg6 Ra8 43. Kg5 a3 44. f7 a2 45. g7 a1=Q 46. f8=Q+ Kc7
47. Rxa1 Rxa1 48. g8=Q Rg1+ 49. Kh6 Rxg8 50. Qxg8 d2 51. Qg7+ 1-0

[Event "Forcing Moves Winter-1"]
[Site "Mississauga CAN"]
[Date "2023.01.28"]
[Round "2.1"]
[White "Chen, Max"]
[Black "Lu, Tony"]
[Result "1-0"]
[WhiteElo "2363"]
[BlackElo "2001"]
[PlyCount "71"]
[EventDate "2023.01.28"]
[EventType "swiss"]
[EventRounds "5"]
[EventCountry "CAN"]

1. e4 e6 2. d4 d5 3. Nd2 Nf6 4. e5 Nfd7 5. f4 c5 6. c3 Nc6 7. Ndf3 Qb6 8. g3
cxd4 9. cxd4 Bb4+ 10. Kf2 f6 11. Be3 fxe5 12. fxe5 O-O 13. h4 Bc5 14. dxc5
Qxb2+ 15. Bd2 Ncxe5 16. Qc1 Qd4+ 17. Kg2 Nxf3 18. Nxf3 Rxf3 19. Kxf3 Qe4+ 20.
Kf2 Qxh1 21. Qc3 Qe4 22. Re1 Qf5+ 23. Kg2 e5 24. c6 Nf6 25. Rxe5 Qg4 26. Qe3
bxc6 27. Re8+ Kf7 28. Qe7+ Kg6 29. Bd3+ Ne4 30. Qd6+ Kh5 31. Re5+ g5 32. Bxe4
Qe2+ 33. Kg1 Qd1+ 34. Kh2 Qxd2+ 35. Bg2 h6 36. Qf6 1-0

[Event "Forcing Moves Winter-1"]
[Site "Mississauga CAN"]
[Date "2023.01.28"]
[Round "2.2"]
[White "Reshetniak, Vitaliy"]
[Black "Cater, Brendan"]
[Result "1-0"]
[WhiteElo "2160"]
[BlackElo "1854"]
[PlyCount "79"]
[EventDate "2023.01.28"]
[EventType "swiss"]
[EventRounds "5"]
[EventCountry "CAN"]

1. d4 d5 2. c4 e6 3. Nc3 c5 4. cxd5 cxd4 5. Qa4+ Bd7 6. Qxd4 exd5 7. Qxd5 Nc6
8. Nf3 Nf6 9. Qd1 Bc5 10. e3 Qe7 11. Be2 O-O-O 12. O-O g5 13. a3 Bb6 14. b4 h5
15. Bb2 Rh6 16. Qc2 Kb8 17. b5 Na5 18. Nd4 Bc7 19. Rfd1 Ng4 20. Nf3 Qe6 21. Nd5
Bd6 22. Rac1 b6 23. h3 f5 24. Nd4 Qf7 25. Nb4 Ne5 26. Na6+ Kb7 27. f4 Rc8 28.
Qb1 g4 29. fxe5 Bxe5 30. Rxc8 Bxc8 31. Nc6 Rxc6 32. bxc6+ Nxc6 33. Bxe5 Nxe5
34. Qb2 Qe7 35. Qd4 Nc6 36. Qf4 Be6 37. Bb5 gxh3 38. Qf3 Bd7 39. Nb4 h2+ 40.
Kh1 1-0

[Event "Forcing Moves Winter-1"]
[Site "Mississauga CAN"]
[Date "2023.01.28"]
[Round "2.3"]
[White "Qian, Eric"]
[Black "Zhong, Ryan Yunhui"]
[Result "0-1"]
[WhiteElo "1955"]
[BlackElo "1980"]
[PlyCount "174"]
[EventDate "2023.01.28"]
[EventType "swiss"]
[EventRounds "5"]
[EventCountry "CAN"]

1. e4 e6 2. d4 d5 3. Nd2 c5 4. exd5 Qxd5 5. Ngf3 cxd4 6. Bc4 Qd6 7. O-O Nf6 8.
Nb3 Nc6 9. Nbxd4 Nxd4 10. Nxd4 Be7 11. c3 O-O 12. Qf3 Qc7 13. Bb3 Bd7 14. Re1
a5 15. a4 Bc5 16. Bf4 Qb6 17. Be5 Ne8 18. Bc2 f6 19. Bg3 Bxd4 20. cxd4 Bc6 21.
Qd3 g6 22. Rxe6 Ng7 23. Ree1 Rad8 24. Qc4+ Kh8 25. Red1 Bd5 26. Qc5 Qc6 27.
Qxc6 bxc6 28. Bc7 Ra8 29. Bd6 Rfe8 30. b4 axb4 31. Bxb4 Ne6 32. f3 Nf4 33. Rd2
Re2 34. Bd1 Re6 35. g3 Nh5 36. Kf2 Ng7 37. a5 Bc4 38. Be2 Ba6 39. Bxa6 Rxa6 40.
Re2 Kg8 41. Rxe6 Nxe6 42. Bc3 Nc7 43. Ke3 Kf7 44. Kd3 Ke6 45. Kc4 Nd5 46. Bd2
Kd6 47. Re1 Ra8 48. Rb1 Kc7 49. Kc5 g5 50. Rh1 Rb8 51. h4 Rb2 52. Kc4 Rxd2 53.
hxg5 fxg5 54. Rxh7+ Kd6 55. Rg7 Ra2 56. Rxg5 Rxa5 57. Rg6+ Kd7 58. Kb3 Rb5+ 59.
Kc2 Rb4 60. Kd3 Rb3+ 61. Ke2 Re3+ 62. Kf2 Rd3 63. Rg4 Kd6 64. Re4 Nc3 65. Rf4
Kd5 66. g4 Rxd4 67. Rf5+ Ke6 68. Rc5 Nd1+ 69. Ke2 Rd6 70. Rc2 Ke5 71. g5 Kf5
72. f4 Kg6 73. Kf3 Re6 74. Rd2 Nc3 75. Kg4 Kf7 76. Kf5 Nd5 77. Kg4 Re4 78. Rf2
c5 79. Kg3 c4 80. Rd2 Nxf4 81. Kf3 c3 82. Rd7+ Re7 83. Rd4 Rc7 84. Rxf4+ Kg7
85. Ke3 c2 86. Rf1 c1=Q+ 87. Rxc1 Rxc1 0-1

[Event "Forcing Moves Winter-1"]
[Site "Mississauga CAN"]
[Date "2023.01.28"]
[Round "2.4"]
[White "Wang, Andy"]
[Black "Sharma, Vishruth"]
[Result "1-0"]
[WhiteElo "1899"]
[BlackElo "2219"]
[Annotator ",hugh_brodie@hotmail."]
[PlyCount "85"]
[EventDate "2023.01.28"]
[EventType "swiss"]
[EventRounds "5"]
[EventCountry "CAN"]

1. e4 e5 2. Nf3 Nc6 3. Bb5 a6 4. Ba4 Nf6 5. d3 d6 6. c3 g6 7. O-O Bg7 8. Re1
O-O 9. Nbd2 Nh5 10. Nf1 b5 11. Bc2 d5 12. a4 Be6 13. Bb3 Qd6 14. Ng5 Na5 15.
Nxe6 fxe6 16. Be3 d4 17. Bd2 Nxb3 18. Qxb3 bxa4 19. Rxa4 Rab8 20. Qc2 Nf4 21.
c4 c5 22. Ng3 Rb6 23. Rb1 Qd7 24. b3 Rfb8 25. Ra3 h5 26. Ba5 R6b7 27. Ne2 g5
28. Nxf4 exf4 29. Bd2 Rb6 30. Ba5 R6b7 31. Bd2 Qd6 32. Rba1 Qe5 33. Rb1 Rb6 34.
Ba5 Rc6 35. Rba1 f3 36. g3 Qf6 37. Qd1 g4 38. Bd2 e5 39. Qf1 Qe6 40. h4 Bh6 41.
Qc1 Bxd2 42. Qxd2 Qf6 43. Kf1 {Time.} 1-0

[Event "Forcing Moves Winter-1"]
[Site "Mississauga CAN"]
[Date "2023.01.28"]
[Round "3.1"]
[White "Reshetniak, Vitaliy"]
[Black "Chen, Max"]
[Result "0-1"]
[WhiteElo "2160"]
[BlackElo "2363"]
[PlyCount "60"]
[EventDate "2023.01.28"]
[EventType "swiss"]
[EventRounds "5"]
[EventCountry "CAN"]

1. d4 Nf6 2. c4 g6 3. Nc3 d5 4. cxd5 Nxd5 5. Bd2 Nxc3 6. Bxc3 Bg7 7. e4 O-O 8.
Qd2 Nd7 9. Nf3 e6 10. Rd1 b6 11. Bd3 c5 12. O-O cxd4 13. Bxd4 Bxd4 14. Nxd4 Bb7
15. Qe3 e5 16. Nf3 Qf6 17. Bc4 Rad8 18. Bd5 Ba6 19. Rfe1 Kg7 20. Qa3 Nb8 21.
Rd2 Rd6 22. Red1 Rc8 23. Qa4 Qe7 24. Qa3 Rc7 25. h3 Bb5 26. Qb3 Bd7 27. Rc2
Rxc2 28. Qxc2 Bc6 29. Bxc6 Nxc6 30. Rd5 Nb4 0-1

[Event "Forcing Moves Winter-1"]
[Site "Mississauga CAN"]
[Date "2023.01.28"]
[Round "3.2"]
[White "Lu, Tony"]
[Black "Qian, Eric"]
[Result "1-0"]
[WhiteElo "2001"]
[BlackElo "1955"]
[PlyCount "121"]
[EventDate "2023.01.28"]
[EventType "swiss"]
[EventRounds "5"]
[EventCountry "CAN"]

1. e4 c5 2. Nc3 Nc6 3. Bb5 d6 4. Bxc6+ bxc6 5. f4 Nf6 6. h3 d5 7. e5 Nd7 8. Nf3
e6 9. b3 Be7 10. O-O a5 11. Ba3 Nb6 12. Qe2 Bb7 13. Qf2 Ba6 14. Rfe1 Nd7 15.
Na4 c4 16. Bxe7 Qxe7 17. bxc4 Bxc4 18. Nb6 Nxb6 19. Qxb6 Qd7 20. d3 Bb5 21. a4
Ba6 22. Qxa5 O-O 23. Qc3 Qa7+ 24. Kh2 c5 25. Qd2 Bb7 26. d4 Qa5 27. Qxa5 Rxa5
28. Reb1 Bc6 29. dxc5 Rc8 30. Nd4 Kf8 31. Rb4 Be8 32. Nb3 Ra7 33. Kg3 Ke7 34.
Kf3 f6 35. a5 Bc6 36. Rb6 g5 37. Nd4 Bd7 38. c6 Be8 39. Rb7+ Rc7 40. exf6+ Kxf6
41. a6 Bxc6 42. Rxa7 Rxa7 43. Nxc6 Ra8 44. a7 gxf4 45. Kxf4 Kf7 46. Rb1 Kf6 47.
Rb8 e5+ 48. Kg3 Rxa7 49. Nxa7 Ke6 50. Rh8 Kd6 51. Rxh7 Kc5 52. Rc7+ Kb6 53. Re7
e4 54. h4 Kc5 55. h5 Kc4 56. h6 Kc3 57. Rc7+ Kd2 58. h7 e3 59. h8=Q e2 60. Qd4+
Ke1 61. Kf3 1-0

[Event "Forcing Moves Winter-1"]
[Site "Mississauga CAN"]
[Date "2023.01.28"]
[Round "3.3"]
[White "Cater, Brendan"]
[Black "Wang, Andy"]
[Result "0-1"]
[WhiteElo "1854"]
[BlackElo "1899"]
[PlyCount "128"]
[EventDate "2023.01.28"]
[EventType "swiss"]
[EventRounds "5"]
[EventCountry "CAN"]

1. e4 e5 2. Nf3 Nc6 3. Bc4 Bc5 4. b4 Bxb4 5. c3 Ba5 6. d4 exd4 7. O-O Nf6 8. e5
d5 9. exf6 dxc4 10. fxg7 Rg8 11. Bg5 Qd5 12. Bf6 Be6 13. Nxd4 Nxd4 14. cxd4 Qf5
15. Qa4+ Bd7 16. Qa3 Qxf6 17. Qxa5 O-O-O 18. Qe5 Qxe5 19. dxe5 Rxg7 20. g3 Re8
21. f4 h5 22. Nc3 h4 23. Kf2 Rh8 24. Rg1 hxg3+ 25. hxg3 Rh2+ 26. Rg2 Rgh7 27.
Ne2 Bg4 28. Nd4 Be6 29. Nxe6 fxe6 30. g4 b5 31. Rxh2 Rxh2+ 32. Kf3 c3 33. f5
exf5 34. gxf5 b4 35. e6 Rh8 36. Rd1 a5 37. Rd4 c2 38. Rc4 Rh3+ 39. Kf2 Rh5 40.
Ke3 Rxf5 41. Rxc2 Re5+ 42. Kd2 Rxe6 43. Rc5 Ra6 44. Kc2 Kb7 45. Kb3 Kb6 46. Kc4
c6 47. Rh5 Ra8 48. Kb3 Rg8 49. Rf5 Rg3+ 50. Kb2 Rc3 51. Rf8 Kb5 52. Rb8+ Ka4
53. Rb6 c5 54. Rc6 Kb5 55. Rc8 Rh3 56. Rb8+ Ka4 57. Rc8 Rh2+ 58. Kb1 Ka3 59.
Rxc5 a4 60. Rc4 Rh1+ 61. Kc2 b3+ 62. axb3 axb3+ 63. Kd2 b2 64. Rc3+ Kb4 0-1

[Event "Forcing Moves Winter-1"]
[Site "Mississauga CAN"]
[Date "2023.01.29"]
[Round "4.1"]
[White "Chen, Max"]
[Black "Wang, Andy"]
[Result "1-0"]
[WhiteElo "2363"]
[BlackElo "1899"]
[PlyCount "95"]
[EventDate "2023.01.28"]
[EventType "swiss"]
[EventRounds "5"]
[EventCountry "CAN"]

1. e4 e5 2. Nf3 Nc6 3. Bc4 Bc5 4. c3 Nf6 5. d3 d6 6. O-O O-O 7. Nbd2 Be6 8. Bb3
Qd7 9. Ba4 Qe7 10. h3 a6 11. Re1 b5 12. Bb3 Rfe8 13. Nf1 Bxb3 14. axb3 Nh5 15.
Ne3 Nf6 16. Nd5 Qd8 17. Bg5 Re6 18. Nh4 Ne7 19. Bxf6 gxf6 20. Nxe7+ Qxe7 21.
Nf5 Qf8 22. d4 exd4 23. cxd4 Bb6 24. d5 Re5 25. Qg4+ Kh8 26. Qh4 Rxf5 27. exf5
Qg7 28. Re4 Qg5 29. Qxg5 fxg5 30. b4 Kg7 31. g4 Kf6 32. Kg2 h5 33. Kg3 h4+ 34.
Kg2 Ra7 35. b3 a5 36. bxa5 Rxa5 37. Rxa5 Bxa5 38. Re8 Bb6 39. Kf3 Bc5 40. Ke2
Bd4 41. f3 Bb6 42. Kd3 Ba7 43. Ke4 Bc5 44. f4 Bb4 45. fxg5+ Kxg5 46. Rb8 f6 47.
Rh8 Bc5 48. Rh5# 1-0

[Event "Forcing Moves Winter-1"]
[Site "Mississauga CAN"]
[Date "2023.01.29"]
[Round "4.2"]
[White "Zhong, Ryan Yunhui"]
[Black "Reshetniak, Vitaliy"]
[Result "0-1"]
[WhiteElo "1980"]
[BlackElo "2160"]
[PlyCount "82"]
[EventDate "2023.01.28"]
[EventType "swiss"]
[EventRounds "5"]
[EventCountry "CAN"]

1. e4 c5 2. Nf3 e6 3. c3 Nf6 4. e5 Nd5 5. d4 cxd4 6. cxd4 b6 7. Bc4 Ba6 8. Bxd5
exd5 9. Nc3 Bb4 10. Qb3 Bxc3+ 11. bxc3 Bc4 12. Qc2 Nc6 13. Ba3 Ne7 14. Nh4 g6
15. Qd2 O-O 16. Qg5 Re8 17. Qg3 d6 18. O-O-O dxe5 19. dxe5 Qd7 20. Rd2 Rac8 21.
Re1 Nf5 22. Nxf5 Qxf5 23. f4 Rc6 24. Qf3 Qc8 25. Re3 a5 26. g4 b5 27. f5 b4 28.
f6 bxa3 29. Qf4 Ree6 30. Rh3 Qf8 31. Rf2 Rb6 32. Qg5 Qb8 33. Rd3 Bxd3 34. Qh6
Qf8 35. Qe3 Be4 36. h4 Rb1+ 37. Kd2 Qb8 38. Qh6 Qb2+ 39. Ke3 Qxc3+ 40. Kf4 Qc1+
41. Kg3 Qxh6 0-1

[Event "Forcing Moves Winter-1"]
[Site "Mississauga CAN"]
[Date "2023.01.29"]
[Round "4.3"]
[White "Sharma, Vishruth"]
[Black "Lu, Tony"]
[Result "1-0"]
[WhiteElo "2219"]
[BlackElo "2001"]
[PlyCount "71"]
[EventDate "2023.01.28"]
[EventType "swiss"]
[EventRounds "5"]
[EventCountry "CAN"]

1. e4 e6 2. d4 d5 3. Nc3 Bb4 4. e5 c5 5. a3 Bxc3+ 6. bxc3 Ne7 7. Qg4 Qc7 8.
Qxg7 Rg8 9. Qxh7 cxd4 10. Ne2 Nbc6 11. f4 dxc3 12. h4 d4 13. h5 b6 14. h6 Bb7
15. Qxg8+ Nxg8 16. h7 O-O-O 17. h8=Q d3 18. cxd3 Nge7 19. Qh3 Nf5 20. Ra2 Ba6
21. d4 Bxe2 22. Bxe2 Ncxd4 23. O-O Qc5 24. Ba6+ Kb8 25. Rff2 b5 26. g4 c2 27.
Qd3 Rg8 28. g5 Qc6 29. Bxb5 Nxb5 30. Raxc2 Qb6 31. Rb2 a6 32. a4 Rd8 33. Qb3
Nfd4 34. Be3 Qb7 35. Bxd4 Rh8 36. Qf3 1-0

[Event "Forcing Moves Winter-1"]
[Site "Mississauga CAN"]
[Date "2023.01.29"]
[Round "4.4"]
[White "Qian, Eric"]
[Black "Cater, Brendan"]
[Result "1/2-1/2"]
[WhiteElo "1955"]
[BlackElo "1854"]
[PlyCount "196"]
[EventDate "2023.01.28"]
[EventType "swiss"]
[EventRounds "5"]
[EventCountry "CAN"]

1. e4 e5 2. Nf3 Nf6 3. Nxe5 Qe7 4. d4 Nc6 5. Nxc6 Qxe4+ 6. Be2 dxc6 7. O-O Be6
8. Re1 O-O-O 9. c3 Bd6 10. Nd2 Qg6 11. Nf1 h5 12. Bd3 Bf5 13. Bxf5+ Qxf5 14.
Ng3 Bxg3 15. fxg3 h4 16. Rf1 Qg6 17. gxh4 Rxh4 18. Bf4 Rg4 19. Qf3 Nh5 20. Be3
Nf6 21. Qf5+ Qxf5 22. Rxf5 Re8 23. Bd2 Re2 24. Rf2 Rxf2 25. Kxf2 Ne4+ 26. Kf3
f5 27. Be3 Kd7 28. g3 Nf6 29. h3 Re4 30. Bg5 Nh7 31. Bd2 Nf6 32. Bg5 Nh7 33.
Bf4 g5 34. Be5 g4+ 35. hxg4 Ng5+ 36. Kf2 Nh3+ 37. Kf1 fxg4 38. Re1 Rxe1+ 39.
Kxe1 Ke6 40. Ke2 Kf5 41. Ke3 Ng5 42. Bxc7 Nh7 43. c4 Nf6 44. Bf4 a6 45. Be5 Nd7
46. Bc7 Nf6 47. Bd8 Ne4 48. Bc7 Nf6 49. Bf4 b5 50. b3 bxc4 51. bxc4 Ne4 52. a4
Nc3 53. a5 Nd1+ 54. Kd3 Nf2+ 55. Ke2 Ne4 56. Ke3 Nf6 57. Kd3 Nd7 58. d5 cxd5
59. cxd5 Nc5+ 60. Kc4 Nd7 61. Kd4 Kf6 62. Bc7 Kf7 63. Be5 Nf8 64. Ke4 Nd7 65.
Kf5 Ke8 66. Bd4 Ke7 67. Kxg4 Kd6 68. Kf5 Kxd5 69. Bc3 Nf8 70. Bb4 Ne6 71. Kf6
Nd4 72. g4 Nf3 73. Bc3 Ke4 74. Be5 Kd5 75. Bc7 Kc6 76. Bd8 Kd6 77. Kf5 Nd4+ 78.
Kf6 Nf3 79. Be7+ Kd5 80. Bb4 Kc4 81. Bd6 Kd5 82. Bc7 Kc6 83. Bb6 Kd5 84. Kf5
Nh4+ 85. Kf6 Nf3 86. Kf5 Nh4+ 87. Kf4 Ng6+ 88. Kg3 Ke4 89. Bd8 Ke5 90. g5 Kf5
91. Kf3 Ne5+ 92. Ke3 Nc4+ 93. Kf3 Nxa5 94. Kg3 Nb7 95. Be7 Nd6 96. Kh4 Nf7 97.
Kh5 Nxg5 98. Bxg5 a5 1/2-1/2